<?xml version="1.0" encoding="UTF-8"?>
<record
    xmlns:xsi="http://www.w3.org/2001/XMLSchema-instance"
    xsi:schemaLocation="http://www.loc.gov/MARC21/slim http://www.loc.gov/standards/marcxml/schema/MARC21slim.xsd"
    xmlns="http://www.loc.gov/MARC21/slim">

  <leader>013720000a22002050004500</leader>
  <datafield tag="020" ind1=" " ind2=" ">
    <subfield code="a">968-16-0760-0</subfield>
  </datafield>
  <datafield tag="041" ind1="0" ind2=" ">
    <subfield code="a">SPA</subfield>
  </datafield>
  <datafield tag="082" ind1="0" ind2="4">
    <subfield code="a">G 137 E687a</subfield>
  </datafield>
  <datafield tag="245" ind1="1" ind2="0">
    <subfield code="a">La adultez / Herant A. Katchadoruian... [et. al.]; Erik H. Erikson, Compilador</subfield>
  </datafield>
  <datafield tag="260" ind1=" " ind2=" ">
    <subfield code="a">M&#xE9;xico D.F., M&#xE9;xico : Fondo de Cultura Econ&#xF3;mica</subfield>
  </datafield>
  <datafield tag="300" ind1=" " ind2=" ">
    <subfield code="a">402 Pag.</subfield>
  </datafield>
  <datafield tag="500" ind1=" " ind2=" ">
    <subfield code="a">T&#xED;tulo original : Adulthood</subfield>
  </datafield>
  <datafield tag="505" ind1="0" ind2="0">
    <subfield code="a">reflexiones sobre el ciclo de vida del doctor Borg -- perspectivas m&#xE9;dicas sobre la adultez -- matar y sobrevivir o morir y devenir: la vida activa y la vida contemplativa como estilos del ser adulto -- la adultez cristiana -- la adultez en el islamismo: la madurez religiosa en la tradici&#xF3;n isl&#xE1;mica -- le percepci&#xF3;n confuciana de la adultez -- la promesa de la adultez en el espiritualismo japon&#xE9;s -- la adultez rajput: reflexiones sobre el diario de Amar Singh -- la adultez dividida: Rusia y Le&#xF3;n Tolstoi -- la b&#xFA;squeda de la adultez en los estados unidos -- la &#xFA;ltima etapa: la adultez y la vejez hist&#xF3;ricas -- el trabajo y la dignidad -- el escritor y el concepto de adultez -- la adultez en la literatura norteamericana -- acerca de ser un adulto y de ser un adulto en el derecho secular</subfield>
  </datafield>
  <datafield tag="650" ind1="1" ind2="4">
    <subfield code="a">EDAD ADULTA</subfield>
  </datafield>
  <controlfield tag="001">694</controlfield>
  <datafield tag="942" ind1=" " ind2=" ">
    <subfield code="c">BK</subfield>
  </datafield>
  <datafield tag="952" ind1=" " ind2=" ">
    <subfield code="0">0</subfield>
    <subfield code="1">0</subfield>
    <subfield code="4">0</subfield>
    <subfield code="7">0</subfield>
    <subfield code="8">GEN</subfield>
    <subfield code="a">FUSBC</subfield>
    <subfield code="b">FUSBC</subfield>
    <subfield code="d">2004-09-22</subfield>
    <subfield code="l">0</subfield>
    <subfield code="o">G 137 E687a </subfield>
    <subfield code="p">185</subfield>
    <subfield code="r">2019-12-12 00:00:00</subfield>
    <subfield code="t">1</subfield>
    <subfield code="w">2016-01-26</subfield>
    <subfield code="y">BK</subfield>
    <subfield code="B">0</subfield>
    <subfield code="C">3</subfield>
  </datafield>
  <datafield tag="999" ind1=" " ind2=" ">
    <subfield code="c">32168</subfield>
    <subfield code="d">32168</subfield>
  </datafield>
  <datafield tag="336" ind1=" " ind2=" ">
    <subfield code="a">texto</subfield>
    <subfield code="b">txt</subfield>
    <subfield code="2">rdacontent</subfield>
  </datafield>
  <datafield tag="337" ind1=" " ind2=" ">
    <subfield code="2">rdamedia</subfield>
    <subfield code="a">sin mediaci&#xF3;n</subfield>
    <subfield code="b">n</subfield>
  </datafield>
  <datafield tag="338" ind1=" " ind2=" ">
    <subfield code="2">rdacarrier</subfield>
    <subfield code="a">volumen</subfield>
    <subfield code="b">nc</subfield>
  </datafield>
</record>
